[Event "Norwegian op"]
[Site "Oslo"]
[Date "2005.03.20"]
[Round "2"]
[White "Hagesaether, Ellen"]
[Black "Abusdal, Ivar A"]
[Result "1-0"]
[WhiteElo "2177"]
[BlackElo "1961"]
[PlyCount "121"]
[EventDate "2005.03.19"]
[EventType "swiss"]
[EventRounds "9"]
[EventCountry "NOR"]
[SourceTitle "CBM 105 Extra"]
[Source "ChessBase"]
[SourceDate "2005.05.01"]
[SourceVersion "1"]
[SourceVersionDate "2005.05.01"]
[SourceQuality "1"]

1. Nf3 Nf6 2. g3 c5 3. Bg2 Nc6 4. 0-0 e5 5. d3 d5 6. e4 dxe4 7. dxe4 Qxd1 8. Rxd1 Bg4 9. Re1 Nd4 10. Nxd4 cxd4 11. h3 Be6 12. f4 Nd7 13. c3 Bc5 14. Kh2 f6 15. cxd4 Bxd4 16. Na3 Ke7 17. Nb5 Bb6 18. Bd2 a6 19. Nc3 Bd4 20. Nd5+ Bxd5 21. exd5 Kd6 22. Bb4+ Nc5 23. Rad1 Rhe8 24. Re2 a5 25. Ba3 b5 26. b4 Na6 27. bxa5+ b4 28. Bc1 Rec8 29. fxe5+ Bxe5 30. Bb2 Rc5 31. Bxe5+ fxe5 32. Rde1 Rxa5 33. Rxe5 Nc5 34. Rg5 Rxa2 35. Rxg7 Rc2 36. Kg1 b3 37. Rxh7 Nd3 38. Rh6+ Kc5 39. Rd1 Nf2 40. Rc6+ Kb4 41. Rxc2 bxc2 42. Rc1 Kc3 43. Kxf2 Kd2 44. Rxc2+ Kxc2 45. Ke3 Ra3+ 46. Kf4 Ra4+ 47. Ke5 Ra3 48. Be4+ Kd2 49. g4 Rxh3 50. d6 Ke3 51. d7 Rh8 52. Bg6 Rg8 53. Be8 Rxg4 54. d8Q Re4+ 55. Kf5 Rf4+ 56. Kg5 Rd4 57. Qb6 Kd3 58. Bb5+ Ke4 59. Bc6+ Kd3 60. Kf5 Rh4 61. Qd8+ 1-0

[Event "NOR-ch U20 op 13th"]
[Site "Oslo"]
[Date "2003.04.18"]
[Round "7"]
[White "Fossum, Atle Boyum"]
[Black "Abusdal, Ivar A"]
[Result "0-1"]
[WhiteElo "1548"]
[BlackElo "1613"]
[PlyCount "56"]
[EventDate "2003.04.??"]
[EventType "swiss"]
[EventRounds "9"]
[EventCountry "NOR"]
[SourceTitle "EXT 2005"]
[Source "ChessBase"]
[SourceDate "2004.11.15"]
[SourceVersion "1"]
[SourceVersionDate "2004.11.15"]
[SourceQuality "1"]

1. c4 e5 2. g3 Nf6 3. Bg2 d5 4. Nc3 c6 5. cxd5 cxd5 6. Qb3 Nc6 7. Nxd5 Nd4 8. Nxf6+ Qxf6 9. Qd1 Bf5 10. d3 Rc8 11. Rb1 Bb4+ 12. Bd2 Bxd2+ 13. Qxd2 Rc2 14. Qd1 0-0 15. Kf1 Rfc8 16. Bxb7 Rb8 17. Nf3 Bh3+ 18. Ke1 Rxe2+ 19. Qxe2 Nxe2 20. Be4 Nd4 21. Nxd4 exd4 22. Rc1 Qe7 23. Kd2 Qb4+ 24. Ke2 Qxb2+ 25. Kf3 g6 26. Rc7 Qd2 27. Rhc1 Rb2 28. Bd5 Qxd3+ 0-1

[Event "NOR-ch U20 op 13th"]
[Site "Oslo"]
[Date "2003.04.13"]
[Round "2"]
[White "Abusdal, Ivar A"]
[Black "Govatsmark, Konstantin"]
[Result "1-0"]
[WhiteElo "1613"]
[BlackElo "1215"]
[PlyCount "127"]
[EventDate "2003.04.??"]
[EventType "swiss"]
[EventRounds "9"]
[EventCountry "NOR"]
[SourceTitle "EXT 2005"]
[Source "ChessBase"]
[SourceDate "2004.11.15"]
[SourceVersion "1"]
[SourceVersionDate "2004.11.15"]
[SourceQuality "1"]

1. Nf3 c5 2. c4 Nc6 3. d4 cxd4 4. Nxd4 g6 5. e4 Bg7 6. Be3 Nf6 7. Nc3 0-0 8. Be2 b6 9. 0-0 Bb7 10. f3 d6 11. Qd2 Rc8 12. Rac1 Nd7 13. Nc2 Nce5 14. b3 Nc5 15. Bg5 Ne6 16. Bh4 Nc6 17. Nd5 Re8 18. Bf2 Nc7 19. b4 Nxd5 20. cxd5 Ne5 21. Nd4 Rxc1 22. Rxc1 a6 23. f4 Nd7 24. Nc6 Qa8 25. Bd4 Bh6 26. g3 e5 27. Be3 a5 28. b5 exf4 29. Bxf4 Bf8 30. Bf3 Nc5 31. Re1 a4 32. e5 dxe5 33. Rxe5 Rxe5 34. Bxe5 Qe8 35. Bc7 Ne4 36. Qe2 Bc5+ 37. Kg2 Nd6 38. Qxe8+ Nxe8 39. Bd8 a3 40. Bd1 Kf8 41. Bf3 Bc8 42. Ne5 Nd6 43. Be2 Bf5 44. Nc4 Be4+ 45. Kf1 Bxd5 46. Nxb6 Bxb6 47. Bxb6 Nc4 48. Bc5+ Ke8 49. Kf2 Kd7 50. Bf3 Bxf3 51. Kxf3 Ne5+ 52. Ke4 Ng4 53. h3 f5+ 54. Kf4 Nf6 55. Bxa3 Kc7 56. Ke5 Nh5 57. g4 fxg4 58. hxg4 Kb6 59. gxh5 gxh5 60. Bc5+ Kxc5 61. a4 h4 62. Kf4 h5 63. Kf3 Kb6 64. Kg2 1-0

[Event "NOR-ch U18 int"]
[Site "Lysaker"]
[Date "2002.03.27"]
[Round "7"]
[White "Abusdal, Ivar A"]
[Black "Stubberud, Ornulf A"]
[Result "0-1"]
[WhiteElo "1637"]
[BlackElo "1418"]
[PlyCount "44"]
[EventDate "2002.03.23"]
[EventType "team-tourn"]
[EventRounds "7"]
[EventCountry "NOR"]
[SourceTitle "CBM 087 Extra"]
[Source "ChessBase"]
[SourceDate "2002.05.03"]
[SourceVersion "2"]
[SourceVersionDate "2002.08.09"]
[SourceQuality "1"]

1. d4 Nf6 2. c4 g6 3. Nc3 Bg7 4. e4 d6 5. Nf3 0-0 6. Be2 Nbd7 7. e5 dxe5 8. dxe5 Ng4 9. e6 fxe6 10. Ng5 Nxf2 11. Nxe6 Nxd1 12. Nxd8 Nxc3 13. Ne6 Nxe2 14. Nxf8 Nxc1 15. Nxd7 Nd3+ 16. Kd2 Bxd7 17. Kxd3 Bc6 18. Rhe1 Bxb2 19. Rab1 Bf6 20. g3 Rd8+ 21. Kc2 Rd4 22. Kc3 Rh4+ 0-1

[Event "NOR-ch U18 int"]
[Site "Lysaker"]
[Date "2002.03.26"]
[Round "5"]
[White "Abusdal, Ivar A"]
[Black "Fossum, Atle Boyum"]
[Result "1-0"]
[WhiteElo "1637"]
[BlackElo "1367"]
[PlyCount "35"]
[EventDate "2002.03.23"]
[EventType "team-tourn"]
[EventRounds "7"]
[EventCountry "NOR"]
[SourceTitle "CBM 087 Extra"]
[Source "ChessBase"]
[SourceDate "2002.05.03"]
[SourceVersion "2"]
[SourceVersionDate "2002.08.09"]
[SourceQuality "1"]

1. d4 e6 2. c4 Nf6 3. Nf3 d5 4. Nc3 Nbd7 5. Bf4 c6 6. e3 h6 7. h3 Be7 8. Qc2 0-0 9. 0-0-0 dxc4 10. Bxc4 Ne8 11. e4 Bd6 12. e5 Be7 13. Qe4 Bg5 14. Bxg5 hxg5 15. Bd3 g6 16. h4 f5 17. exf6 Qxf6 18. hxg5 1-0

[Event "NOR-ch U18 int"]
[Site "Lysaker"]
[Date "2002.03.25"]
[Round "4"]
[White "Ekeberg, Carl Fredrik"]
[Black "Abusdal, Ivar A"]
[Result "1-0"]
[WhiteElo "2187"]
[BlackElo "1637"]
[PlyCount "59"]
[EventDate "2002.03.23"]
[EventType "team-tourn"]
[EventRounds "7"]
[EventCountry "NOR"]
[SourceTitle "CBM 087 Extra"]
[Source "ChessBase"]
[SourceDate "2002.05.03"]
[SourceVersion "2"]
[SourceVersionDate "2002.08.09"]
[SourceQuality "1"]

1. c4 b6 2. Nc3 Bb7 3. e4 e6 4. g3 g6 5. Bg2 Bg7 6. d4 f5 7. Nge2 Ne7 8. 0-0 0-0 9. Be3 fxe4 10. Nxe4 Nf5 11. Nf6+ Bxf6 12. Bxb7 Nc6 13. Bxa8 Qxa8 14. Qd2 e5 15. d5 Ncd4 16. Nxd4 exd4 17. Bf4 Nd6 18. Bxd6 cxd6 19. Rae1 Qc8 20. b3 Qc5 21. Qd3 Qb4 22. h4 Qc3 23. Qe4 Be5 24. Kg2 Kg7 25. f4 Bf6 26. Rf3 Qb4 27. g4 Bxh4 28. Re2 Bf6 29. g5 Bd8 30. Qxd4+ 1-0

[Event "NOR-ch U18 int"]
[Site "Lysaker"]
[Date "2002.03.24"]
[Round "2"]
[White "Stokke, Kjetil"]
[Black "Abusdal, Ivar A"]
[Result "1-0"]
[WhiteElo "2110"]
[BlackElo "1637"]
[PlyCount "109"]
[EventDate "2002.03.23"]
[EventType "team-tourn"]
[EventRounds "7"]
[EventCountry "NOR"]
[SourceTitle "CBM 087 Extra"]
[Source "ChessBase"]
[SourceDate "2002.05.03"]
[SourceVersion "2"]
[SourceVersionDate "2002.08.09"]
[SourceQuality "1"]

1. e4 e6 2. d4 d5 3. Nc3 Bb4 4. e5 c5 5. a3 Bxc3+ 6. bxc3 Ne7 7. Qg4 Qc7 8. Qxg7 Rg8 9. Qxh7 cxd4 10. Ne2 Nbc6 11. f4 Bd7 12. Qd3 dxc3 13. Be3 Nf5 14. Bf2 0-0-0 15. h3 Na5 16. g4 Ne7 17. Qxc3 Nc4 18. Nd4 Ng6 19. Bg3 f6 20. Bxc4 fxe5 21. fxe5 dxc4 22. 0-0-0 Ne7 23. Ne2 Qc5 24. Bh4 Nd5 25. Rxd5 Qxd5 26. Rd1 Qe4 27. Bxd8 Rxd8 28. Ng3 Qf4+ 29. Kb1 Bc6 30. Rxd8+ Kxd8 31. Nh5 Qf1+ 32. Kb2 Kc8 33. Nf6 Qe2 34. Qd4 Ba4 35. Qc3 Bc6 36. h4 Qh2 37. h5 Qf4 38. Ka2 a6 39. Kb2 Kb8 40. g5 Qxg5 41. Qd4 Kc8 42. Kc3 Qg3+ 43. Kb2 Qg5 44. Ka2 Qc1 45. Qxc4 Kb8 46. Qc5 Ka8 47. Kb3 Qb1+ 48. Kc3 Qc1 49. Kb4 Qd2+ 50. c3 Qf4+ 51. Ka5 Qh2 52. Kb6 Qb2+ 53. Kc7 Qd2 54. Qf8+ Ka7 55. Qb8# 1-0

[Event "IECC KO email"]
[Site "IECC email"]
[Date "2001.07.12"]
[Round "?"]
[White "Geib, Steven"]
[Black "Abusdal, Ivar A"]
[Result "0-1"]
[WhiteElo "1281"]
[BlackElo "1565"]
[PlyCount "88"]
[EventDate "2001.??.??"]
[EventType "tourn (corr)"]
[EventRounds "6"]
[SourceTitle "Corr 2008"]
[Source "ChessBase"]
[SourceDate "2008.06.24"]
[SourceVersion "1"]
[SourceVersionDate "2008.06.24"]
[SourceQuality "1"]

1. e4 e6 2. d4 d5 3. exd5 exd5 4. Bd3 c5 5. Nf3 c4 6. Be2 Bd6 7. 0-0 Ne7 8. Nc3 a6 9. Bg5 Be6 10. b3 b5 11. Ne5 0-0 12. Bxe7 Qxe7 13. Bf3 Bxe5 14. dxe5 Ra7 15. Qd4 Nc6 16. Qf4 Rd7 17. Rfd1 Qc5 18. h3 Rfd8 19. a4 b4 20. Ne2 d4 21. Bxc6 Qxc6 22. Nxd4 Qc5 23. Qh4 Qxe5 24. Qxd8+ Rxd8 25. Nc6 Rxd1+ 26. Rxd1 Qc7 27. Rd8+ Qxd8 28. Nxd8 cxb3 29. cxb3 Bxb3 30. Nc6 a5 31. Nxa5 Bxa4 32. Nc4 Kf8 33. f4 Ke7 34. g4 Ke6 35. f5+ Kf6 36. Nb2 Bb5 37. Kf2 h5 38. Kf3 hxg4+ 39. hxg4 Kg5 40. Kg3 Be2 41. Kf2 Bxg4 42. Ke3 Bxf5 43. Nd3 Bxd3 44. Kxd3 f5 0-1

[Event "Nordstrand Grand Prix Group B"]
[Site "Oslo"]
[Date "2000.08.26"]
[Round "2"]
[White "Carlsen, Magnus"]
[Black "Abusdal, Ivar A"]
[Result "1-0"]
[WhiteElo "904"]
[BlackElo "1386"]
[PlyCount "29"]
[EventDate "2000.08.25"]
[EventType "tourn"]
[EventRounds "5"]
[EventCountry "NOR"]
[SourceTitle "EXT 2023"]
[Source "ChessBase"]
[SourceDate "2022.10.05"]
[SourceVersion "1"]
[SourceVersionDate "2022.10.05"]
[SourceQuality "1"]

1. d4 g6 2. e4 d6 3. f4 d5 4. e5 h5 5. Nf3 Bg4 6. c4 e6 7. Nc3 Bb4 8. a3 Bxc3+ 9. bxc3 c5 10. cxd5 Qxd5 11. Be2 cxd4 12. cxd4 Nc6 13. h3 Bxf3 14. Bxf3 Qxd4 15. Bxc6+ 1-0